007480000a22002170004500003001100000005001700011008004100028020001500069040003900084041000800123082001600131245004000147260003000187300006300217490003900280650005400319650005000373650003800423650004900461700002000510LK-CoMWRAF20231113134615.0230817t1991 ||||| |||| 00| 0 eng d a0862329752 aLK-CoMWRAFdLK-CoMWRAFeLK-CoMWRAF aeng a305.42bWOM aWomen and the world economic crisis aLondon:bZed Books,c1991 axi, 146 p. : ill. ; 25 cmbBibliography and Index included aWomen and world development series aWOMEN-Developing countries -- Economic conditions a Women in development -- Developing countries a International economic relations a Developing countries -- Economic conditions aVickers Jeanne